Fr. Conceicao Rodrigues College of Engineering

Techniques of Pressworking Sheet Metal (Record no. 22379)

MARC details
000 -LEADER
fixed length control field 00333nam a2200133Ia 4500
082 ## - DEWEY DECIMAL CLASSIFICATION NUMBER
Classification number 671.823/EAR
Item number EAR
100 ## - MAIN ENTRY--PERSONAL NAME
Personal name Eary/Donald F/ Reed/E.A
245 ## - TITLE STATEMENT
Title Techniques of Pressworking Sheet Metal
260 ## - PUBLICATION, DISTRIBUTION, ETC.
Name of publisher, distributor, etc. Prentice -Hall of India
Place of publication, distribution, etc. New Delhi
Date of publication, distribution, etc. 1974
300 ## - PHYSICAL DESCRIPTION
Extent 596
546 ## - LANGUAGE NOTE
Language note ENGLISH
654 ## - SUBJECT ADDED ENTRY--FACETED TOPICAL TERMS
Focus term pressworking
942 ## - ADDED ENTRY ELEMENTS (KOHA)
Koha item type BOOK
Holdings
Withdrawn status Lost status Damaged status Not for loan Collection Home library Current library Shelving location Date acquired Total Checkouts Full call number Barcode Date last seen Price effective from Koha item type Date last checked out
        CRC Fr. Agnel's C.Rodrigues College of Engineering Fr. Agnel's C.Rodrigues College of Engineering   17/03/2023   671.823/EAR EAR 17236 17/03/2023   BOOK  
        CRC Fr. Agnel's C.Rodrigues College of Engineering Fr. Agnel's C.Rodrigues College of Engineering   17/03/2023   671.823/EAR EAR 17237 17/03/2023   BOOK  
        CRC Fr. Agnel's C.Rodrigues College of Engineering Fr. Agnel's C.Rodrigues College of Engineering   17/03/2023   671.823/EAR EAR 17238 17/03/2023   BOOK  
        CRC Fr. Agnel's C.Rodrigues College of Engineering Fr. Agnel's C.Rodrigues College of Engineering   17/03/2023   671.823/EAR EAR 17239 17/03/2023   BOOK  
        CRC Fr. Agnel's C.Rodrigues College of Engineering Fr. Agnel's C.Rodrigues College of Engineering   17/03/2023 1 671.823/EAR EAR 17240 04/02/2026   BOOK 27/01/2026